LDR 00812naa#a2200193#i#450# 001 RU\\bibl\8382 005 20260417143825.5 011 ## _a2308-8877 100 ## _a20151210b2015####ek#y0rusy0150####ca 101 0# _aRUS 102 ## _aRU 200 1# _aИзмеритель параметров вибраций _eЖурнальная статья 210 1# _aВоронеж _cВоронежский государственный лесотехнический университет имени Г.Ф. Морозова _d2015 215 ## _a2 с. 608 ## _aЖурнальная статья _2local 700 #1 _aМирошниченко _gАнтон Андреевич 700 #1 _aКлевец _gКристина Владимировна 700 #1 _aТарасов _gАлександр Дмитриевич 856 4# _anaukaru.ru _u